Nomi dei colori in siciliano - Statistics

Statistiche generali
  • Questo quiz è stato fatto 68 volte
  • Il punteggio medio è 12 su 16
Statistiche sulle risposte
Hint Risposta % Corretto
blu blu|ble
95%
nero niru|niuru|nivuru
87%
rosso russu
85%
bianco jancu|iancu|biancu
84%
marrone marrò|marò|marruni
84%
verde virdi|viddi
80%
giallo giarnu|giallu|giannu
79%
azzurro azzurru|azzolu
75%
rosa rosa
74%
ciano cianu
70%
oro uoru|oru|auru
70%
viola viola
70%
argento argentu|argientu|aggentu
66%
magenta magenta|maggenta
57%
arancione aranciuni
56%
grigio griggiu|griciu
38%
Nessun quiz corrispondente trovato
Distribuzione punteggi
Percentuale di utenti per punteggio
Percentile per numero di risposta
I tuoi punteggi nel tempo
Non hai fatto questo quiz